000 00313nam a22001217a 4500
008 180419b xxu||||| |||| 00| 0 eng d
041 _aeng
080 _a043.3
100 _a0
101 _aARK-BTH
245 _aProjektimi i ndërtesës së shkollës Fillore dhe të Mesme të ulët
_cFetahu,F
942 _2udc
_cBK
999 _c45301
_d45301